00751nam a2200181Ia 4500008004100000020001800041050002000059100002700079245014500106260002300251300002200274500006100296650003400357700003600391942001200427952011300439999001700552120626s9999 xx 000 0 und d a970-686-360-504aHD58.7 C44 20041 aCHIAVENATO, Idalberto.10aComportamiento organizacional: dinámica del éxito en las organizaciones / Idalberto Chiavenato; traducción, Pilar Mascaró Sacristan. aMéxicobThomson. axix, 691 página aContiene:Bibliografía, Gosarío e Índice Onomastico17aCOMPORTAMIENTO ORGANIZACIONAL1 aMASCARO SACRISTAN, Pilar, trad. 2ddccLB 00104070a07b07d2008-11-13l16m2oHD58.7 C44 2004p07 000354r2017-11-28s2017-11-28t1w2012-06-26yLB c66179d66179